000 00558nam a2200205Ia 4500
003 OSt
005 20230509151521.0
008 210423s1995 xx 000 0 und d
040 _cAL
041 _aeng
082 _a153.8
_223
_bRIBH
100 _aRIBES (Peter)
_9101399
245 _aHelps and hints for growth in maturity
260 _aBombay
_bSt Paul Publications
_c1995
365 _b40
_cINR
650 _aMental Process & Intelligence
_9101400
650 _aPsychology
_9101401
906 _agrowth ; Helps ; hints ; maturity
942 _2ddc
_cBK
999 _c171580
_d171580